000 01564cam a2200385 a 4500
999 _c233711
_d233711
001 13499679
003 Nust
005 20170310113639.0
008 040224s2004 nyu 000 1 eng
010 _a 2004042507
020 _a9780786888665
040 _aDLC
_cDLC
_dDLC
043 _aa-ii---
_an-us---
050 0 0 _aPR9499.3.M77
_bT74 2004
082 0 0 _a813.54
_bMUK
100 1 _aMukherjee, Bharati.
245 1 4 _aThe tree bride :
_ba novel /
_cBharati Mukherjee.
250 _a1st ed.
260 _aNew York :
_bTheia,
_c2004.
300 _a293 p. ;
_c24 cm.
650 0 _aEast Indian American women
_vFiction.
650 0 _aWomen revolutionaries
_vFiction.
650 0 _aArranged marriage
_vFiction.
650 0 _aWomen immigrants
_vFiction.
650 0 _aWomen
_zIndia
_vFiction.
650 0 _aMarried women
_vFiction.
650 0 _aSisters
_vFiction.
651 0 _aIndia
_xEmigration and immigration
_vFiction.
651 0 _aKolkata (India)
_vFiction.
655 7 _aDomestic fiction.
_2lcsh
655 7 _aHistorical fiction.
_2gsafd
856 4 2 _3Publisher description
_uhttp://www.loc.gov/catdir/enhancements/fy1204/2004042507-d.html
856 4 2 _3Contributor biographical information
_uhttp://www.loc.gov/catdir/enhancements/fy1401/2004042507-b.html
906 _a7
_bcbc
_corignew
_d1
_eocip
_f20
_gy-gencatlg
942 _2ddc
_cBK